000 00423nam a2200205Ia 4500
001 13435
003 GE_BSU
008 181216s||||||||xx |||||||||||||| ||und||
020 _a9780099470618
040 _cGE_BSU
080 _a821.111-3
100 _aRendell,Ruth
245 _aRoad Race
260 _aLondon
260 _bArrow books
260 _c1997
300 _a390p.17cm.
653 _aRoad Race
942 _cBK
999 _c46595
_d46595